000
00219 a2200097 4500
001
43004
100
_a
Northrop
245
_a
Riddles in mathematics
260
_a
London
_b
Hodder stoughton ltd
_c
090
_c
26879
_d
26879
942
_a
NUST-CAE
_c
M
_c
18756
999
_c
278077
_d
278077